| 000 | 00511nam a2200181Ia 4500 | ||
|---|---|---|---|
| 005 | 20250508150708.0 | ||
| 008 | 008 250505s9999 xx 000 0 eng d | ||
| 037 | _aBooks to be hide in OPAC | ||
| 040 |
_aFEDL _beng _cFEDL |
||
| 041 |
_aeng _2eng |
||
| 084 |
_a354.54062, IND/O _qFEDL |
||
| 245 | 0 | _aCompilation of the general financial rules : Vol. 1 | |
| 245 | 0 | _cCentral Government | |
| 260 | _c1949 | ||
| 300 | _a133p. | ||
| 942 |
_cHB _h354.54062, IND/O |
||
| 999 |
_c1325106 _d1325106 |
||